GETS Theological Seminary Library

世界观的革命 : (Record no. 23510)

MARC details
000 -LEADER
fixed length control field 00947nam a2200241Ia 4500
008 - FIXED-LENGTH DATA ELEMENTS--GENERAL INFORMATION
fixed length control field 200830s9999||||xx |||||||||||||| ||und||
020 ## - INTERNATIONAL STANDARD BOOK NUMBER
International Standard Book Number 7500487096
020 ## - INTERNATIONAL STANDARD BOOK NUMBER
International Standard Book Number 9787500487098
041 ## - LANGUAGE CODE
Language code of text/sound track or separate title chi
Language code of original eng
050 ## - LIBRARY OF CONGRESS CALL NUMBER
Classification number B72
Item number .R4812 2010
100 ## - MAIN ENTRY--PERSONAL NAME
Personal name Hoffecker, W. Andrew
245 #0 - TITLE STATEMENT
Title 世界观的革命 :
Remainder of title = Revolutions in worldview: understanding the flow of western thought /
Statement of responsibility, etc. W. 安德鲁·霍菲克 ( W. Andrew Hoffecker) 著; 余亮译
246 ## - VARYING FORM OF TITLE
Title proper/short title 世界觀的革命:
Remainder of title =Revolutions in worldview: understanding the flow of western thought/
260 ## - PUBLICATION, DISTRIBUTION, ETC.
Place of publication, distribution, etc. 北京 :
Name of publisher, distributor, etc. 中国社会科学出版社,
Date of publication, distribution, etc. 2016, c2010
300 ## - PHYSICAL DESCRIPTION
Extent 466 p.
Other physical details ;
Dimensions 23 cm.
490 ## - SERIES STATEMENT
Series statement 历史与思想研究译丛
500 ## - GENERAL NOTE
General note Translation of: Revolutions in worldview: understanding the flow of western thought.
650 ## - SUBJECT ADDED ENTRY--TOPICAL TERM
Topical term or geographic name entry element Christianity Philosophy.
650 ## - SUBJECT ADDED ENTRY--TOPICAL TERM
Topical term or geographic name entry element Philosophy History.
700 ## - ADDED ENTRY--PERSONAL NAME
Personal name 余亮
700 ## - ADDED ENTRY--PERSONAL NAME
Personal name 安德鲁·霍菲克
Holdings
Withdrawn status Lost status Damaged status Not for loan Home library Current library Shelving location Date acquired Total Checkouts Total Renewals Full call number Barcode Date last seen Date last checked out Price effective from Koha item type Cost, normal purchase price Copy number
        GETS Theological Seminary Library GETS Theological Seminary Library General Stacks 08/30/2020 1 1 B72 .R4812 2010 00011285 07/03/2025 01/31/2025 08/30/2020 Chinese Book    
        GETS Theological Seminary Library GETS Theological Seminary Library   11/09/2022 1   B72 .R4812 2010 00029391 01/17/2025 11/20/2024 11/09/2022 Chinese Book 7.00 c.2
OpacCredits

Contact the Librarian, GETS Library
Email: library@mygets.org









Implemented by GETS Library
(Powered by ETCA Professional Group)
GETS Theological Seminary
412 E. Rowland Street, CA 91723